<?xml version="1.0" encoding="UTF-8"?><?xml-stylesheet type="text/xsl" href="static/style.xsl"?><OAI-PMH xmlns="http://www.openarchives.org/OAI/2.0/" xmlns:xsi="http://www.w3.org/2001/XMLSchema-instance" xsi:schemaLocation="http://www.openarchives.org/OAI/2.0/ http://www.openarchives.org/OAI/2.0/OAI-PMH.xsd"><responseDate>2026-04-13T16:54:55Z</responseDate><request verb="GetRecord" identifier="oai:www.recercat.cat:2099.1/14388" metadataPrefix="marc">https://recercat.cat/oai/request</request><GetRecord><record><header><identifier>oai:recercat.cat:2099.1/14388</identifier><datestamp>2025-07-23T03:00:36Z</datestamp><setSpec>com_2072_1033</setSpec><setSpec>col_2072_452951</setSpec></header><metadata><record xmlns="http://www.loc.gov/MARC21/slim" xmlns:dcterms="http://purl.org/dc/terms/" xmlns:xsi="http://www.w3.org/2001/XMLSchema-instance" xmlns:doc="http://www.lyncode.com/xoai" xsi:schemaLocation="http://www.loc.gov/MARC21/slim http://www.loc.gov/standards/marcxml/schema/MARC21slim.xsd">
   <leader>00925njm 22002777a 4500</leader>
   <datafield ind2=" " ind1=" " tag="042">
      <subfield code="a">dc</subfield>
   </datafield>
   <datafield ind2=" " ind1=" " tag="720">
      <subfield code="a">Saiz Anadón, Javier</subfield>
      <subfield code="e">author</subfield>
   </datafield>
   <datafield ind2=" " ind1=" " tag="260">
      <subfield code="c">2011-11</subfield>
   </datafield>
   <datafield ind2=" " ind1=" " tag="520">
      <subfield code="a">En este proyecto se empieza analizando la de nici on de microrred, su estado actual y la&#xd;
tendencia en su dise~no. Despu es de esto, se busca realizar una microrred en sus estados de&#xd;
conexi on a red y aislado. La fuente de generaci on utilizada es la solar, mediante la tecnolog  a&#xd;
fotovoltaica. El dise~no de la misma se ha realizado para placas de c elulas policristalinas&#xd;
mediante la teor  a del diodo doble. El algoritmo utilizado para su control es el del MPPT.&#xd;
Como unidad almacenadora se ha dise~nado una bater  a de Ni-Cd, mediante la simpli caci on&#xd;
de una de sus celdas a una fuente de tensi on no lineal, funci on de la corriente y el estado&#xd;
de carga. La conexi on de todos los componentes se hace mediante el bus de alterna y por&#xd;
consiguiente se ha dise~nado un convertidor CA/CC modelado como fuente de tensi on. Este&#xd;
mismo convertidor se ha utilizado tanto para las placas PV como para el acumulador o&#xd;
bater  a.&#xd;
El control de la microrred se ha basado en la teor  a del droop de tensi on, la cual relaciona&#xd;
frecuencia y amplitud de tensi on con la potencia activa y reactiva. En el modo de conexi on&#xd;
a red se ha priorizado utilizar en la menor medida posible la red. En el modo isla de la&#xd;
microrred, se ha modelado un grupo electr ogeno para garantizar la alimentaci on de una&#xd;
parte de la carga considerada prioritaria</subfield>
   </datafield>
   <datafield tag="653" ind2=" " ind1=" ">
      <subfield code="a">Àrees temàtiques de la UPC::Energies::Energia solar fotovoltaica::Instal·lacions solars de baixa potència connectades a la xarxa</subfield>
   </datafield>
   <datafield tag="653" ind2=" " ind1=" ">
      <subfield code="a">Photovoltaic power generation</subfield>
   </datafield>
   <datafield tag="653" ind2=" " ind1=" ">
      <subfield code="a">Electric networks</subfield>
   </datafield>
   <datafield tag="653" ind2=" " ind1=" ">
      <subfield code="a">Energia solar fotovoltaica</subfield>
   </datafield>
   <datafield tag="653" ind2=" " ind1=" ">
      <subfield code="a">Xarxes elèctriques</subfield>
   </datafield>
   <datafield ind2="0" ind1="0" tag="245">
      <subfield code="a">Modelado y simulación de una microrred basada en generación fotovoltaica</subfield>
   </datafield>
</record></metadata></record></GetRecord></OAI-PMH>